Квантовое рождение вращающейся Вселенной; Известия вузов. Физика; Т. 46, № 10

Bibliografski detalji
Parent link:Известия вузов. Физика/ Министерство общего и профессионального образования Российской Федерации ; Томский Госуниверситет.— , 1958-.— 0021-3411
Т. 46, № 10.— 2003.— с. 40-47
Glavni autor: Кувшинова Е. В.
Daljnji autori: Панов В. Ф.
Jezik:ruski
Izdano: 2003
Serija:Физика элементарных частиц и теория поля
Teme:
Format: Poglavlje knjige
KOHA link:https://koha.lib.tpu.ru/cgi-bin/koha/opac-detail.pl?biblionumber=419946

MARC

LEADER 00000naa2a2200000 4500
001 419946
005 20231101073323.0
035 |a (RuTPU)RU\TPU\prd\77408 
035 |a RU\TPU\prd\21604 
090 |a 419946 
100 |a 20100301a2003 k y0rusy50 ca 
101 0 |a rus 
102 |a RU 
200 1 |a Квантовое рождение вращающейся Вселенной  |f Е. В. Кувшинова, В. Ф. Панов 
225 1 |a Физика элементарных частиц и теория поля 
320 |a Библиогр.: 18 назв. 
461 1 |0 (RuTPU)RU\TPU\prd\191  |x 0021-3411  |t Известия вузов. Физика  |f Министерство общего и профессионального образования Российской Федерации ; Томский Госуниверситет  |d 1958- 
463 1 |0 (RuTPU)RU\TPU\prd\77401  |t Т. 46, № 10  |v с. 40-47  |d 2003 
610 1 |a Вселенная 
610 1 |a квантовое рождение 
610 1 |a квантовая космология 
610 1 |a вращающаяся анизотропная жидкость 
610 1 |a уравнение Уилера - де Витта 
610 1 |a тунелирование 
675 |a 530.12:531.51  |v 3 
700 1 |a Кувшинова  |b Е. В. 
701 1 |a Панов  |b В. Ф. 
801 1 |a RU  |b 63413507  |c 20040122  |g PSBO 
801 2 |a RU  |b 63413507  |c 20101028  |g RCR 
942 |c BK